The life and opinions of Tristram Shandy, gentleman / (Record no. 79844)

MARC details
000 -LEADER
campo de control de longitud fija 00476nam a2200169 4500
001 - NÚMERO DE CONTROL
campo de control 23038
005 - FECHA Y HORA DE LA ÚLTIMA TRANSACCIÓN
campo de control 20230410130745.0
008 - DATOS DE LONGITUD FIJA--INFORMACIÓN GENERAL
campo de control de longitud fija 060907n1967 dr spa
035 ## - NÚMERO DE CONTROL DEL SISTEMA
-- funglode23205
041 ## - CÓDIGO DE IDIOMA
Código de lengua del texto/banda sonora o título independiente EN
050 14 - SIGNATURA TOPOGRÁFICA DE LA BIBLIOTECA DEL CONGRESO
Número de clasificación PN 6727 S839l 1967
100 ## - ENTRADA PRINCIPAL--NOMBRE DE PERSONA
Nombre de persona Sterne, Laurence
245 14 - MENCIÓN DEL TÍTULO
Título The life and opinions of Tristram Shandy, gentleman /
Mención de responsabilidad, etc. by Laurence Sterne
260 ## - PUBLICACIÓN, DISTRIBUCIÓN, ETC.
Lugar de publicación, distribución, etc. New York :
Nombre del editor, distribuidor, etc. Holt, Rinehart and Winston,
Fecha de publicación, distribución, etc. 1967
300 ## - DESCRIPCIÓN FÍSICA
Extensión 577 p
942 ## - ELEMENTOS DE ENTRADA SECUNDARIOS (KOHA)
Fuente del sistema de clasificación o colocación Clasificación de Library of Congress
Tipo de ítem Koha
Holdings
Estatus retirado Estado de pérdida Fuente del sistema de clasificación o colocación Estado de daño No para préstamo Colección Biblioteca de origen Biblioteca actual Ubicación en estantería Fecha de adquisición Serial enumeration / chronology Signatura topográfica completa Código de barras Visto por última vez Tipo de ítem Koha
    Clasificación de Library of Congress     Humanidades Biblioteca Juan Bosch Biblioteca Juan Bosch Humanidades (4to. Piso) 25/10/2018 1 PN 6727 S839l 1967 00000023389 25/10/2018